Liderazgo empresarial bajo el enfoque de género: la mujer Nicaragüense en los negocios

Expone el liderazgo empresarial de la mujer como objetivo primordial involucrar a las mujeres en el ámbito económico y empresarial, con el fin de que muchas de ellas puedan montar negocios a fin de garantizar su subsistencia y la de su familia de esta forma surgieron miles de micro negocios.

Bibliographic Details
Main Author: Ramos Zamora, Elizabeth de la Concepción
Other Authors: Tutor: Quintana Bonilla, Marisela
Format: Tesis Section = Libro
Language:Undetermined
Spanish
Published: Managua UNI 2009
Subjects:
LEADER 01067nam a2200241Ia 4500
008 240830s9999 xx 000 0 und d
040 |a BIBLIOTECA-RUSB/ T.Mon 305.4 R175 
041 |a spa 
082 |a T.Mon 305.4 R175 
100 1 |a Ramos Zamora, Elizabeth de la Concepción 
245 1 0 |a Liderazgo empresarial bajo el enfoque de género: la mujer Nicaragüense en los negocios 
260 |a Managua  |b UNI  |c 2009 
300 |a 14 p. :il. 
502 |a Tesis (Ingeniero en Computación) - UNI, 2009. 
520 3 |a Expone el liderazgo empresarial de la mujer como objetivo primordial involucrar a las mujeres en el ámbito económico y empresarial, con el fin de que muchas de ellas puedan montar negocios a fin de garantizar su subsistencia y la de su familia de esta forma surgieron miles de micro negocios. 
650 7 |a MUJERES-DESARROLLO 
650 7 |b  MUJERES EN LOS NEGOCIOS 
650 7 |c  MUJERES EJECUTIVAS 
650 7 |d  MUJERES EMPRENDEDORAS-NICARAGUA 
700 1 |a Tutor:  |b Quintana Bonilla, Marisela 
942 |c BK  |2 ddc 
991 |a TESIS 
999 |c 21651